00949 2200313 4500001002100000005001500021035002000036007000300056008004100059020002200100082001500122084001700137100004100154245008000195250002600275300003700301650002300338700003200361264003900393336002100432337003000453338002300483040002200506090002200528850001200550504002900562999002200591990002200613INLIS00000000086781320220210103007 a0010-0222000280ta220210s2021 yoia g ind d a978-602-5584-90-904223a371.33 a371.33 GAL l0 aGaluh Catur Wisnu PrabowoePengarang10aLearning media for beginners /cGaluh Catur Wisnu Prabowo, Fresti Hendiyani aCetakan pertama, 2021 a80 halaman :bilustrasi ;c24 cm 4aMedia pembelajaran0 aFresti HendiyaniePengarang31aYogyakarta :bMedia Akademi,c2021 2rdacontentateks 2rdamediaatanpa perantara 2rdacarrieravolume aYOPDYOGbinderda aCB-D.11 2021-1506 aYOPDYOG aBibliografi : halaman 80 aCB-D.11/2012-1506 aCB-D.11/2021-1506